Countries with the most Subways - Statistics

General Stats
  • This quiz has been taken 187 times
  • The average score is 8 of 10
Answer Stats
Hint Answer % Correct
25785 United States
98%
3240 Canada
92%
598 China
90%
2380 United Kingdom
89%
458 France
87%
1012 Mexico
83%
1400 Australia
78%
2126 Brazil
78%
616 Russia
78%
621 India
74%
No matching quizzes found
Score Distribution
Percent of People with Each Score
Percentile by Number Answered
Your Score History
You have not taken this quiz